01605 2200385 4500001002100000005001500021035002000036007000300056008004100059020002200100040002200122082001800144084002000162100005400182245024100236250003500477300002500512650004100537700005500578700006400633700004900697700005400746700005500800700006100855700005300916700005800969700002601027700002701053850001201080264003301092336002101125337003001146338002301176990002001199INLIS00000000085401120200206031050 a0010-0220000181ta200206r2014 kbi g 0 ind d a978-602-18483-2-6 aYOPDYOGbinderda04223a361.59832 a361.59832 EKO m0 aEko SusiloepenulistSeribu upaya persalinan aman10aMenuju perbaikan pelayanan publik :bkarya 10 jurnalis lokal Kalbar /cpenulis, Eko Susilo, Abdu Syukri, Hendra Cipta, Ramses Tobing, Hari K., Sukartaji, Irwan Kurniawan, Asri Isnaini, Bagus K., Wardie; penyunting, Heriyanto, Deman Huri aCetakan pertama, November 2014 a162 halaman ;c20 cm 4aPelayanan sosial--zKalimantan Barat0 aAbdu SyukriepenulistSolusi meningkatkan kualitas0 aHendra Ciptaepenulistlika liku manajemen berbasis sekolah0 aHari K.epenulistBabak baru distribusi guru0 aSukartajiepenulistSiswa senang, guru pun senang0 aIrwan KurniawanepenulistTak sekedar penuhi janji0 aAsri IsnainiepenulistKenitraan bidan dan dukun beranak0 aBagus K.epenulistCerita dari Bumi Lawang Kuari0 aWardieepenulistKisah sukses dari Sei Raya Kepulawan0 aHeriyantoepenyunting0 aDeman Huriepenyunting aYOPDYOG31aKalimantan :bLPS AIR,c2014 2rdacontentateks 2rdamediaatanpa perantara 2rdacarrieravolume a65906-PD/A.2020